| 000 | 00514nam a2200205Ia 4500 | ||
|---|---|---|---|
| 003 | OSt | ||
| 005 | 20260318110943.0 | ||
| 008 | 230125s9999 xx 000 0 und d | ||
| 020 | _a9780198867807 | ||
| 040 |
_cSRHU _aSRHU _bENG |
||
| 082 |
_223rd _a 616.89 |
||
| 100 | _aJohn R Geddes | ||
| 245 | 0 | _aNew Oxford Text Book Of Psychiatry | |
| 250 | _a3rd | ||
| 260 | _bOxford University Press United Kingdom | ||
| 260 | _c2020 | ||
| 300 | _axxxii 1500 Index | ||
| 700 | _a Guy M Goodwin | ||
| 942 |
_cMEDI _2ddc |
||
| 999 |
_c17236 _d17236 |
||